| 000 -CABECERA |
| Longitud fija campo de control |
00538nam a2200193 a 4500 |
| 001 - NÚMERO DE CONTROL |
| Número de control |
1068 |
| 003 - IDENTIFICADOR DEL NÚMERO DE CONTROL |
| Identificador del número de control |
CDMR |
| 005 - FECHA Y HORA DE LA ÚLTIMA TRANSACCIÓN |
| Fecha y hora de la última transacción |
20131113120649.0 |
| 008 - CÓDIGOS DE INFORMACIÓN DE LONGITUD FIJA |
| Códigos de información de longitud fija |
130130s1963||||||||||||||||||||||||||||d |
| 040 ## - FUENTE DE LA CATALOGACIÓN |
| Centro catalogador de origen |
CDMR |
| Lengua de catalogación |
cat |
| Centro transcriptor |
CDMR |
| 100 1# - PUNTO DE ACCESO PRINCIPAL-NOMBRE DE PERSONA |
| Nombre de persona |
Amestoy, Alfredo |
| 9 (RLIN) |
840 |
| 245 13 - MENCIÓN DE TÍTULO |
| Título |
El reportero |
| 260 ## - PUBLICACIÓN, DISTRIBUCIÓN, ETC. (PIE DE IMPRENTA) |
| Lugar de publicación, distribución, etc. |
Madrid |
| Fecha de publicación, distribución, etc. |
1963 |
| Nombre del editor, distribuidor, etc. |
Benzal |
| 300 ## - DESCRIPCIÓN FÍSICA |
| Extensión |
204 p. |
| 490 0# - MENCIÓN DE SERIE |
| Mención de serie |
Libros de Periodismo RIALP. |
| -- |
Manuales y libros técnicos |
| Designación de volumen o secuencia |
4 |
| 650 04 - PUNTO DE ACCESO ADICIONAL DE MATERIA - TÉRMINO DE MATERIA |
| 9 (RLIN) |
2030 |
| Término de materia o nombre geográfico como elemento inicial |
Periodisme |
| Subdivisión de materia general |
Orientació professional |
| 650 04 - PUNTO DE ACCESO ADICIONAL DE MATERIA - TÉRMINO DE MATERIA |
| 9 (RLIN) |
3083 |
| Término de materia o nombre geográfico como elemento inicial |
Competències professionals |
| 942 ## - ENTRADA DE ELEMENTOS AGREGADOS (KOHA) |
| Koha [por defecto] tipo de item |
Monografies |
| Fuente de clasificaión o esquema |
|